[Event "Politiken Cup 31st"]
[Site "Helsingor"]
[Date "2009.07.19"]
[Round "2"]
[White "Borup, Mads"]
[Black "Rasmussen, Ole H"]
[Result "1-0"]
[WhiteElo "1992"]
[BlackElo "1751"]
[PlyCount "71"]
[EventDate "2009.07.18"]
[EventType "swiss"]
[EventRounds "10"]
[EventCountry "DEN"]
[SourceTitle "CBM 131 Extra"]
[Source "ChessBase"]
[SourceDate "2009.09.03"]
[SourceVersion "2"]
[SourceVersionDate "2009.09.16"]
[SourceQuality "1"]

1. d4 Nf6 2. Nf3 d5 3. Bf4 c6 4. e3 Bf5 5. c4 e6 6. Be2 Nbd7 7. Qb3 Qb6 8. c5 Qxb3 9. axb3 Be7 10. Nbd2 0-0 11. b4 a6 12. h3 Rfc8 13. 0-0 Bd8 14. Rfc1 Ne4 15. Nb3 h6 16. Na5 Bxa5 17. bxa5 g5 18. Bh2 Bh7 19. Ra3 f5 20. Ne5 Nxe5 21. Bxe5 Rf8 22. Rb3 Rf7 23. Bh5 Rd7 24. Rb4 Rf8 25. Be2 Bg6 26. f3 Nf6 27. Kf2 h5 28. Rc3 Rff7 29. Rcb3 Nh7 30. f4 g4 31. Rb6 Nf8 32. Bxa6 bxa6 33. Rxc6 Rb7 34. Rcb6 Rxb6 35. axb6 Nd7 36. b7 1-0

[Event "Politiken Cup 31st"]
[Site "Helsingor"]
[Date "2009.07.18"]
[Round "1"]
[White "Hammer, Jon Ludvig"]
[Black "Borup, Mads"]
[Result "1-0"]
[WhiteElo "2583"]
[BlackElo "1992"]
[PlyCount "85"]
[EventDate "2009.07.18"]
[EventType "swiss"]
[EventRounds "10"]
[EventCountry "DEN"]
[SourceTitle "CBM 131 Extra"]
[Source "ChessBase"]
[SourceDate "2009.09.03"]
[SourceVersion "2"]
[SourceVersionDate "2009.09.16"]
[SourceQuality "1"]

1. e4 e6 2. d4 d5 3. Nc3 dxe4 4. Nxe4 Nd7 5. Bd3 Ngf6 6. Qe2 Be7 7. Nf3 0-0 8. 0-0 b6 9. Nxf6+ Nxf6 10. Rd1 Bb7 11. c4 Re8 12. Ne5 Qd6 13. Bf4 c5 14. Ng6 Qd8 15. Nxe7+ Qxe7 16. dxc5 Qxc5 17. Be5 Qc6 18. f3 Qc5+ 19. Kh1 Qe7 20. Rd2 Red8 21. Rad1 Rac8 22. Qe1 Nd7 23. Bd6 Qg5 24. h4 Qf6 25. Qg3 Kh8 26. b3 Nc5 27. Be5 Qh6 28. Bc2 Rxd2 29. Rxd2 f6 30. Bf4 g5 31. Be3 Rg8 32. b4 Na6 33. Rd7 Rg7 34. Rd8+ Rg8 35. Rxg8+ Kxg8 36. b5 Nb4 37. Qb8+ Kg7 38. Qxb7+ Kh8 39. Qb8+ Kg7 40. Qc7+ Kh8 41. Qd8+ Kg7 42. Qe7+ Kh8 43. Qxb4 1-0

[Event "Baltic Sea Cup"]
[Site "Ronne"]
[Date "2007.08.03"]
[Round "6.46"]
[White "Noer, Martin Stampe"]
[Black "Borup, Mads"]
[Result "0-1"]
[WhiteElo "1766"]
[BlackElo "1996"]
[PlyCount "48"]
[EventDate "2007.07.30"]
[EventType "swiss"]
[EventRounds "9"]
[EventCountry "DEN"]
[SourceTitle "EXT 2023"]
[Source "ChessBase"]
[SourceDate "2022.10.05"]
[SourceVersion "1"]
[SourceVersionDate "2022.10.05"]
[SourceQuality "1"]

1. d4 Nf6 2. Bg5 e6 3. e3 c5 4. c3 Be7 5. Nd2 0-0 6. Bd3 b6 7. Ngf3 Ba6 8. Bxa6 Nxa6 9. 0-0 cxd4 10. cxd4 d5 11. Qa4 Qc8 12. Rac1 Qb7 13. Rc2 Rfc8 14. Rfc1 b5 15. Qb3 Nc7 16. Ne5 a6 17. Rc6 Nce8 18. Qc2 Nd6 19. b3 h6 20. Bh4 Kf8 21. h3 Rxc6 22. Qxc6 Rc8 23. Bxf6 gxf6 24. Nd7+ Kg7 0-1

[Event "Baltic Sea Cup"]
[Site "Ronne"]
[Date "2007.07.31"]
[Round "2.50"]
[White "Dinesen, Lasse Juel"]
[Black "Borup, Mads"]
[Result "0-1"]
[WhiteElo "1522"]
[BlackElo "1996"]
[PlyCount "82"]
[EventDate "2007.07.30"]
[EventType "swiss"]
[EventRounds "9"]
[EventCountry "DEN"]
[SourceTitle "EXT 2023"]
[Source "ChessBase"]
[SourceDate "2022.10.05"]
[SourceVersion "1"]
[SourceVersionDate "2022.10.05"]
[SourceQuality "1"]

1. e4 e6 2. Nf3 d5 3. exd5 exd5 4. d4 Bf5 5. Bd3 Bxd3 6. Qxd3 Bd6 7. Nc3 c6 8. Bg5 Ne7 9. Bh4 Nd7 10. Bg3 Nf6 11. 0-0-0 0-0 12. Rde1 b5 13. Qe2 Re8 14. Bxd6 Qxd6 15. Qe5 Qd7 16. Qf4 Ng6 17. Qd2 Qg4 18. Qg5 h6 19. Qxg4 Nxg4 20. Nd1 Re4 21. h3 Nf6 22. Nc3 Rxe1+ 23. Nxe1 Re8 24. f3 Nf4 25. a3 N6h5 26. Kd1 Ng3 27. Rg1 Nfe2 28. Nxe2 Nxe2 29. Rf1 Nxd4 30. Rf2 Nf5 31. Nd3 a5 32. b3 f6 33. Kd2 Kf7 34. Nc5 Nd6 35. Nd3 Re7 36. Nf4 g5 37. Ne2 c5 38. Nc3 d4 39. Ne2 Ke6 40. Ng3 Kd5 41. Ne4 Rxe4 0-1